Caracterización experimental de la expansividad de una roca evaporítica: identificación de los mecanismos de hinchamiento

Shranjeno v:
Bibliografske podrobnosti
Glavni avtor: Esteban Moratilla, Fernando (Author)
Format: Knjiga
Jezik:španščina
Izdano: Madrid Centro de Estudios y Experimentación de Obras Públicas 1992
Serija:Cuadernos de investigación, C28
Teme:
Oznake: Označite
Brez oznak, prvi označite!

MARC

LEADER 00000nam a2200000 a 4500
001 UCV5984
003 CL-VaPUC
008 930310e19920000SP |||||||||||||||||spa|d
082 0 4 |a 624.151  |b EST  |2 21 
100 0 |a Esteban Moratilla, Fernando  |e author  |9 300213 
245 1 0 |a Caracterización experimental de la expansividad de una roca evaporítica: identificación de los mecanismos de hinchamiento 
300 |a 233 p 
942 |c BK 
945 |d 19930310 00:00:00 
260 |a Madrid  |b Centro de Estudios y Experimentación de Obras Públicas  |c 1992 
650 0 |a Mecánica de rocas  |9 260321 
583 |a last modification  |c 19930310 00:00:00  |k Rodrigo Vera 
490 0 |a Cuadernos de investigación, C28 
999 |c 212259  |d 212257 
952 |0 0  |1 0  |4 0  |6 624_151000000000000_EST_1992  |7 0  |8 A  |9 192879  |a BIBING  |b BIBING  |d 2019-11-14  |i 2605309  |o 624.151 EST 1992  |p 2605309  |r 2025-01-20  |w 2019-11-14  |y BK  |k CCL